The Miskitu conflict on the Atlantic coast of Nicaragua

Guardat en:
Dades bibliogràfiques
Autor principal: Bourgois Irwin, Phillippe
Autor corporatiu: Universidad de Washington. Departamento de Antropología
Format: Text
Publicat: Washington: s.e.
Etiquetes: Afegir etiqueta
Sense etiquetes, Sigues el primer a etiquetar aquest registre!

MARC

LEADER 00000 a a2200000 04500
001 21669
003
040
090 |a 096600  
100 |a Bourgois Irwin, Phillippe  
110 |a Universidad de Washington. Departamento de Antropología  
245 |a The Miskitu conflict on the Atlantic coast of Nicaragua  
260 |a Washington:   |b s.e.  
300 |a 14 p.  
999 |c 11919  |d 11919